Birth Years Click Quiz - France - Statistics

General Stats
  • This quiz has been taken 159 times
  • The average score is 9 of 20
Answer Stats
Hint Answer % Correct
Claudius 10 BC
72%
Maximilien Robespierre 1758
67%
Charles de Gaulle 1890
65%
Joan of Arc 1412
61%
Eleanor of Aquitaine 1122
59%
Édith Piaf 1915
59%
Vercingetorix 80 BC
50%
Nostradamus 1503
48%
Jacques Cousteau 1910
48%
Louis XIV 1638
41%
Claude Monet 1840
41%
Hugues de Payens 1070
39%
Molière 1622
37%
Auguste Marie Louis Nicolas Lumière 1862
37%
Louis Pasteur 1822
35%
Saint Richardis 840
35%
René Descartes 1596
30%
Victor Hugo 1802
30%
Childebert I 496
30%
Louis Daguerre 1787
17%
No matching quizzes found
Score Distribution
Percent of People with Each Score
Percentile by Number Answered
Your Score History
You have not taken this quiz